Language Quiz

Random Language Quiz
Score 0/55 Timer 06:00
0 Plays Today
Hint Answer % Correct
Study Moreaboard
91.1%
Study Moreabove
90.7%
Study Moreabout
90%
Study Moreamid
86.8%
Study Moreacross
86.3%
Study Morein
85.5%
Study Moreat
85.4%
Study Moreas
83.4%
Study Morealong
82.6%
Study Moreafter
82.2%
Study Moreamong
82%
Study Morebeside
81.1%
Study Morewith
80.1%
Study Moreagainst
80%
Study Morearound
78.9%
Study Moreinside
78.1%
Study Moreon
78%
Study Morebefore
77.5%
Study Morebelow
77.5%
Study Moreto
77.4%
Study Morewithout
77.2%
Study Morewithin
77.1%
Study Morebeneath
76.8%
Study Morefor
76.7%
Study Moreout
76.5%
Study Morebesides
76.1%
Study Moreof
75.7%
Study Moredown
75.1%
Hint Answer % Correct
Study Morebehind
74.6%
Study Moreinto
74.5%
Study Moreconcerning
74.2%
Study Moreby
73.7%
Study Morefrom
73.5%
Study Moreoutside
72.5%
Study Moreoff
72.3%
Study Morebetween
72.2%
Study Moreunder
71.9%
Study Morethrough
71.9%
Study Moreup
71.8%
Study Moreonto
70.3%
Study Morebeyond
70.3%
Study Morebut
70.1%
Study Morethroughout
70%
Study Moreexcept
68.7%
Study Moreduring
68.5%
Study Morelike
68.2%
Study Morenear
67.9%
Study Moreunderneath
66.4%
Study Moretill
63.7%
Study Moreupon
62.7%
Study Moreover
62.1%
Study Morepast
61.8%
Study Moresince
61.5%
Study Moretoward
61.3%
Study Moreuntil
60.6%
Remove Ads.
Support Sporcle.
Get the best of Sporcle when you Go Orange. This ad-free experience offers more features, more stats, and more fun while also helping to support Sporcle. Thank you for becoming a member.

You're not logged in!

Compare scores with friends on all Sporcle quizzes.
OR
Log In

Show Comments

Extras

Created Jan 25, 2017ReportNominate
Tags:class, common, preposition

Top Quizzes Today


Score Distribution

Your Account Isn't Verified!

In order to create a playlist on Sporcle, you need to verify the email address you used during registration. Go to your Sporcle Settings to finish the process.

Report this User

Report this user for behavior that violates our Community Guidelines.

Details: